Nomi di nazionalità - Statistics

Statistiche generali
  • Questo quiz è stato fatto 409 volte
  • Il punteggio medio è 114 su 195
Statistiche sulle risposte
Paese Cittadino % Corretto
Albania Albanese
99%
Algeria Algerino
98%
Argentina Argentino
96%
Australia Australiano
95%
Afghanistan Afghano
94%
Armenia Armeno
94%
Austria Austriaco
94%
Belgio Belga
91%
Brasile Brasiliano
90%
Bielorussia Bielorusso
89%
Bulgaria Bulgaro
88%
Cina Cinese
88%
Canada Canadese
87%
Italia Italiano
87%
Francia Francese
86%
Bolivia Boliviano
85%
Cile Cileno
85%
Colombia Colombiano
85%
Croazia Croato
85%
Giappone Giapponese
85%
Grecia Greco
85%
Germania Tedesco
84%
Bosnia ed Erzegovina Bosniaco-erzegovino
83%
Cuba Cubano
83%
Danimarca Danese
83%
Egitto Egiziano
83%
Filippine Filippino
83%
Finlandia Finlandese
83%
Russia Russo
83%
Irlanda Irlandese
82%
Cechia Ceco
81%
Repubblica Dominicana Dominicano
81%
India Indiano
81%
Islanda Islandese
81%
Libano Libanese
81%
Marocco Marocchino
81%
Messico Messicano
81%
Cambogia Cambogiano
80%
Estonia Estone
80%
Giamaica Giamaicano
80%
Malta Maltese
80%
Norvegia Norvegese
80%
Spagna Spagnolo
80%
Georgia Georgiano
79%
Ghana Ghanese
79%
Iran Iraniano
79%
Israele Israeliano
79%
Lettonia Lettone
79%
Macedonia del Nord Macedone
79%
Moldavia Moldavo
79%
Polonia Polacco
79%
Romania Rumeno
79%
Svizzera Svizzero
79%
Lituania Lituano
78%
Nigeria Nigeriano
78%
Portogallo Portoghese
78%
Slovenia Sloveno
78%
Stati Uniti Statunitense
78%
Bangladesh Bengalese
77%
Ecuador Ecuadoregno
77%
Etiopia Etiope
77%
Giordania Giordano
77%
Indonesia Indonesiano
77%
Paesi Bassi Neerlandese
77%
Pakistan Pakistano
77%
Svezia Svedese
77%
Turchia Turco
77%
Ucraina Ucraino
77%
Perù Peruviano
76%
Slovacchia Slovacco
76%
Camerun Camerunense
75%
Corea del Nord Nordcoreano
75%
Senegal Senegalese
75%
Serbia Serbo
75%
Siria Siriano
75%
Sudafrica Sudafricano
75%
Corea del Sud Sudcoreano
75%
Tunisia Tunisino
75%
Ungheria Ungherese
75%
Angola Angolano
74%
Mongolia Mongolo
74%
Nepal Nepalese
73%
Thailandia Thailandese
73%
Venezuela Venezuelano
73%
Vietnam Vietnamita
72%
Liberia Liberiano
70%
Iraq Iracheno
68%
Lussemburgo Lussemburghese
68%
Malesia Malese
68%
Somalia Somalo
68%
Sudan Sudanese
68%
Repubblica Democratica del Congo | Repubblica del Congo Congolese
67%
Arabia Saudita Saudita
67%
Montenegro Montenegrino
66%
Gambia Gambiano
65%
Kazakistan Kazako
65%
Cipro Cipriota
64%
Haiti Haitiano
64%
Kenya Keniota
64%
Uganda Ugandese
64%
Costa Rica Costaricano
62%
Uruguay Uruguagio
62%
Eritrea Eritreo
60%
Gabon Gabonese
60%
Nuova Zelanda Neozelandese
60%
Paraguay Paraguaiano
59%
Ruanda Ruandese
59%
Sudan del Sud Sudsudanese
59%
Libia Libico
58%
Qatar Qatariota
57%
Uzbekistan Uzbeko
57%
Andorra Andorrano
56%
Regno Unito Britannico
55%
Taiwan Taiwanese
55%
Città del Vaticano Vaticano
55%
Bhutan Bhutanese
54%
Capo Verde Capoverdiano
53%
Turkmenistan Turcomanno
53%
Zambia Zambiano
53%
Azerbaigian Azero
52%
Figi Figiano
52%
Samoa Samoano
52%
Mali Maliano
51%
Namibia Namibiano
51%
Panama Panamense
51%
Guinea Guineano
50%
Gibuti Gibutiano
49%
Honduras Honduregno
49%
Costa d'Avorio Ivoriano
49%
Micronesia Micronesiano
49%
Repubblica Centrafricana Centrafricano
48%
Mauritania Mauritano
48%
Antigua e Barbuda Antiguo-barbudiano
46%
Guyana Guyanese
45%
Maldive Maldiviano
45%
Suriname Surinamese
45%
Tagikistan Tagiko
45%
Singapore Singaporiano
44%
Yemen Yemenita
44%
Belize Beliziano
43%
Benin Beninese
43%
Myanmar Birmano
43%
El Salvador Salvadoregno
43%
Botswana Botswano
42%
Burundi Burundese
42%
Ciad Ciadiano
42%
Monaco Monegasco
42%
Niger Nigerino
41%
Kirghizistan Chirghiso
40%
Comore Comoriano
40%
Tanzania Tanzaniano
39%
Kuwait Kuwaitiano
37%
Guatemala Guatemalteco
36%
Grenada Grenadino
35%
Malawi Malawiano
35%
Isole Salomone Salomonese
34%
San Marino Sammarinese
34%
Brunei Bruneiano
33%
Laos Laotiano
32%
Isole Marshall Marshallese
32%
Mozambico Mozambicano
30%
Papua Nuova Guinea Papuano
30%
Lesotho Sesotho
30%
Bahamas Bahamense
29%
Nicaragua Nicaraguense
29%
Zimbabwe Zimbabwese
28%
Tonga Tongano
27%
Barbados Barbadiano
26%
Sri Lanka Singalese
24%
Emirati Arabi Uniti Emiratino
23%
Madagascar Malgascio
21%
Mauritius Mauriziano
20%
Liechtenstein Liechtensteiniano
19%
Oman Omanita
19%
Palau Palauano
19%
Sierra Leone Sierraleonese
19%
Togo Togolese
19%
Tuvalu Tuvaluano
17%
Dominica Dominicense
16%
Burkina Faso Burkinabé
15%
Trinidad e Tobago Trinidadiano
15%
Vanuatu Vanuatiano
15%
Nauru Nauruano
13%
Bahrein Bahreinita
12%
Saint Kitts e Nevis Nevisiano
12%
Eswatini Swati
10%
Timor Est Est-timorese
9%
Guinea Bissau Guineense
9%
Guinea Equatoriale Equatoguineano
7%
Saint Lucia Santaluciano
7%
Kiribati Gilbertese
6%
Saint Vincent e Grenadine Sanvincentino
5%
Sao Tomé e Principe Saotomense
5%
Seychelles Seicellese
4%
Nessun quiz corrispondente trovato
Distribuzione punteggi
Percentuale di utenti per punteggio
Percentile per numero di risposta
I tuoi punteggi nel tempo
Non hai fatto questo quiz